000
00259nam a2200109Ia 4500
008
200302s9999 xx 000 0 und d
100
_a
James Morris
245
_a
Vienna Objects and Rituals
260
_b
Ellipsis London Ltd.
260
_c
1997
300
_a
79 P.,
999
_c
2173
_d
2173